[Event "Agen 2017 - Vétérans"]
[Site "?"]
[Date "2017.08.25"]
[Round "7.1"]
[White "Gervasio, Ricardo"]
[Black "Goldenberg, Richard"]
[Result "0-1"]
[LiveChessVersion "1.4.8"]
[BlackElo "2216"]
[WhiteElo "2215"]

1. d4 {[%clk 1:30:48]} g6 {[%clk 1:30:59]} 2. Nf3 {[%clk 1:30:59]} Bg7
{[%clk 1:31:22]} 3. e4 {[%clk 1:28:28]} d6 {[%clk 1:31:04]} 4. c3
{[%clk 1:25:56]} Nd7 {[%clk 1:29:08]} 5. Bc4 {[%clk 1:23:09]} e6 {[%clk 1:29:36]}
6. Bb3 {[%clk 1:23:24]} Ne7 {[%clk 1:27:38]} 7. O-O {[%clk 1:21:14]} b6
{[%clk 1:26:31]} 8. Ng5 {[%clk 1:20:51]} h6 {[%clk 1:13:15]} 9. Nh3
{[%clk 1:21:14]} Bb7 {[%clk 1:12:49]} 10. Nd2 {[%clk 1:18:42]} e5
{[%clk 1:04:41]} 11. f4 {[%clk 1:17:29]} exd4 {[%clk 1:01:23]} 12. f5
{[%clk 1:17:04]} O-O {[%clk 0:49:02]} 13. fxg6 {[%clk 1:12:47]} Nxg6
{[%clk 0:49:29]} 14. Qh5 {[%clk 1:13:03]} d5 {[%clk 0:43:47]} 15. exd5
{[%clk 1:11:10]} Nf6 {[%clk 0:40:16]} 16. Rxf6 {[%clk 0:43:40]} Qxf6
{[%clk 0:40:35]} 17. Nf3 {[%clk 0:44:02]} dxc3 {[%clk 0:35:37]} 18. Be3
{[%clk 0:44:02]} cxb2 {[%clk 0:35:14]} 19. Rf1 {[%clk 0:44:15]} Ne5
{[%clk 0:28:31]} 20. Bc2 {[%clk 0:34:54]} Ba6 {[%clk 0:22:59]} 21. Rf2
{[%clk 0:20:33]} Qg6 {[%clk 0:15:14]} 22. Bb3 0-1

[Event "Agen 2017 - Vétérans"]
[Site "?"]
[Date "2017.08.25"]
[Round "7.2"]
[White "Prie, Eric"]
[Black "Faber, Michel"]
[Result "1-0"]
[LiveChessVersion "1.4.8"]
[BlackElo "2097"]
[WhiteElo "2481"]

1. d4 {[%clk 1:30:49]} Nf6 {[%clk 1:30:51]} 2. Nf3 {[%clk 1:30:16]} c5
{[%clk 1:30:16]} 3. d5 e6 {[%clk 1:29:55]} 4. Nc3 {[%clk 1:31:01]} exd5
{[%clk 1:27:22]} 5. Nxd5 {[%clk 1:31:21]} d6 {[%clk 1:21:35]} 6. e4
{[%clk 1:29:41]} h6 {[%clk 1:19:31]} 7. Bc4 {[%clk 1:25:54]} Nc6 {[%clk 1:16:24]}
8. O-O {[%clk 1:22:41]} Be6 {[%clk 1:08:48]} 9. Re1 {[%clk 1:18:54]} Ng4
{[%clk 0:58:07]} 10. c3 {[%clk 0:52:09]} Be7 {[%clk 0:48:19]} 11. h3
{[%clk 0:37:11]} Nge5 {[%clk 0:46:41]} 12. Nxe5 {[%clk 0:37:35]} dxe5
{[%clk 0:45:06]} 13. Qh5 {[%clk 0:37:33]} g6 {[%clk 0:41:31]} 14. Qf3
{[%clk 0:37:18]} Kf8 {[%clk 0:24:33]} 15. Be3 {[%clk 0:37:28]} Kg7
{[%clk 0:19:46]} 16. Rad1 {[%clk 0:33:50]} Qf8 {[%clk 0:11:48]} 17. a3
{[%clk 0:25:45]} b6 {[%clk 0:11:09]} 18. b4 {[%clk 0:21:13]} cxb4
{[%clk 0:10:08]} 19. axb4 {[%clk 0:21:35]} Rd8 {[%clk 0:07:13]} 20. Bb5
{[%clk 0:17:00]} Rc8 {[%clk 0:04:22]} 21. Ra1 {[%clk 0:16:31]} Nd8
{[%clk 0:03:55]} 22. Rxa7 {[%clk 0:13:31]} Bxd5 {[%clk 0:03:56]} 23. exd5
{[%clk 0:13:54]} Bf6 {[%clk 0:03:38]} 24. Bxb6 {[%clk 0:10:55]} e4
{[%clk 0:03:42]} 25. Rxe4 {[%clk 0:10:54]} Rxc3 {[%clk 0:03:57]} 26. Qxf6+
{[%clk 0:10:57]} 1-0

[Event "Agen 2017 - Vétérans"]
[Site "?"]
[Date "2017.08.25"]
[Round "7.3"]
[White "Vareille, Francois"]
[Black "Lebret, Jean-Michel"]
[Result "1-0"]
[LiveChessVersion "1.4.8"]
[BlackElo "2063"]
[WhiteElo "2424"]

1. d4 {[%clk 1:30:54]} d5 {[%clk 1:30:41]} 2. c4 {[%clk 1:31:15]} e6
{[%clk 1:31:05]} 3. Nc3 {[%clk 1:31:26]} c5 {[%clk 1:31:27]} 4. cxd5
{[%clk 1:31:25]} exd5 {[%clk 1:31:50]} 5. Nf3 {[%clk 1:31:29]} Nc6
{[%clk 1:32:01]} 6. g3 {[%clk 1:31:13]} Nf6 {[%clk 1:31:40]} 7. Bg2
{[%clk 1:31:27]} Be7 {[%clk 1:32:03]} 8. O-O {[%clk 1:31:48]} O-O
{[%clk 1:32:26]} 9. Bg5 {[%clk 1:30:28]} cxd4 {[%clk 1:31:58]} 10. Nxd4
{[%clk 1:29:25]} h6 {[%clk 1:32:11]} 11. Be3 {[%clk 1:29:01]} Re8
{[%clk 1:31:54]} 12. Qa4 {[%clk 1:27:43]} Ne5 {[%clk 1:14:15]} 13. Nxd5
{[%clk 1:21:53]} Nxd5 {[%clk 1:09:12]} 14. Bxd5 {[%clk 1:21:19]} Bh3
{[%clk 1:08:27]} 15. Bxb7 {[%clk 1:18:34]} Bxf1 {[%clk 0:49:52]} 16. Bxa8
{[%clk 1:17:52]} Bxe2 {[%clk 0:47:20]} 17. Bg2 {[%clk 1:16:29]} Bh5
{[%clk 0:46:33]} 18. Qxa7 {[%clk 1:16:26]} Bf6 {[%clk 0:46:13]} 19. h3
{[%clk 1:09:31]} Nc4 {[%clk 0:40:56]} 20. Nc6 {[%clk 1:09:31]} Qd3
{[%clk 0:39:48]} 1-0

[Event "Agen 2017 - Vétérans"]
[Site "?"]
[Date "2017.08.25"]
[Round "7.4"]
[White "Ricter, Jean-Paul"]
[Black "Saucey, Michel"]
[Result "0-1"]
[LiveChessVersion "1.4.8"]
[BlackElo "2292"]
[WhiteElo "2055"]

1. e4 {[%clk 1:30:51]} c5 {[%clk 1:30:57]} 2. d4 {[%clk 1:30:55]} cxd4
{[%clk 1:31:23]} 3. c3 {[%clk 1:31:22]} dxc3 {[%clk 1:31:50]} 4. Nxc3
{[%clk 1:31:46]} Nc6 {[%clk 1:32:17]} 5. Nf3 {[%clk 1:32:00]} d6 {[%clk 1:32:43]}
6. Bc4 {[%clk 1:32:11]} a6 {[%clk 1:33:09]} 7. O-O {[%clk 1:30:19]} Nf6
{[%clk 1:33:27]} 8. h3 {[%clk 1:20:02]} e6 {[%clk 1:33:29]} 9. Qe2
{[%clk 1:18:20]} Be7 {[%clk 1:33:05]} 10. Rd1 {[%clk 1:18:16]} b5
{[%clk 1:33:17]} 11. Bb3 {[%clk 1:14:50]} Qc7 {[%clk 1:31:57]} 12. Bg5
{[%clk 1:05:35]} Bb7 {[%clk 1:22:45]} 13. Rac1 {[%clk 0:58:49]} Qb8
{[%clk 1:22:14]} 14. Bf4 {[%clk 0:54:38]} Ne5 {[%clk 1:21:53]} 15. Bxe5
{[%clk 0:43:34]} dxe5 {[%clk 1:22:16]} 16. Nxb5 {[%clk 0:42:15]} axb5
{[%clk 1:22:08]} 17. Qxb5+ {[%clk 0:42:43]} Kf8 {[%clk 1:22:26]} 18. Nxe5
{[%clk 0:42:42]} Ba6 {[%clk 1:06:04]} 19. Qxb8+ {[%clk 0:29:40]} Rxb8
{[%clk 1:06:24]} 20. Rc7 {[%clk 0:29:49]} Bb5 {[%clk 0:58:13]} 21. Rdc1
{[%clk 0:26:19]} g6 {[%clk 0:55:06]} 22. Ra7 {[%clk 0:26:16]} Be8
{[%clk 0:49:47]} 23. Nc6 {[%clk 0:12:38]} Rc8 {[%clk 0:44:55]} 24. Rxe7
{[%clk 0:10:45]} Bxc6 {[%clk 0:45:13]} 25. Ra7 {[%clk 0:10:31]} Nxe4
{[%clk 0:38:38]} 26. Ba4 {[%clk 0:10:41]} Bb7 {[%clk 0:35:00]} 27. Rd1
{[%clk 0:06:51]} Bd5 {[%clk 0:34:57]} 28. Bd7 {[%clk 0:04:05]} Rc2 0-1

[Event "Agen 2017 - Open A"]
[Site "?"]
[Date "2017.08.25"]
[Round "7.1"]
[White "Vedovotto, Nicolas"]
[Black "Degardin, Sylvain"]
[Result "0-1"]
[LiveChessVersion "1.4.8"]
[BlackElo "2195"]
[WhiteElo "2120"]

1. e4 {[%clk 1:30:50]} c5 {[%clk 1:30:42]} 2. Nc3 {[%clk 1:31:06]} d6
{[%clk 1:30:50]} 3. g3 {[%clk 1:31:09]} Nc6 {[%clk 1:30:53]} 4. Bg2
{[%clk 1:31:32]} g6 {[%clk 1:31:09]} 5. d3 {[%clk 1:31:55]} Bg7 {[%clk 1:31:27]}
6. Be3 {[%clk 1:31:36]} Rb8 {[%clk 1:31:41]} 7. Qd2 {[%clk 1:31:01]} b5
{[%clk 1:32:00]} 8. f4 {[%clk 1:30:36]} b4 {[%clk 1:29:38]} 9. Nd1
{[%clk 1:30:49]} Qb6 {[%clk 1:25:49]} 10. Ne2 {[%clk 1:27:13]} Nd4
{[%clk 1:22:55]} 11. O-O {[%clk 1:22:28]} e6 {[%clk 1:19:26]} 12. g4
{[%clk 1:15:04]} f5 {[%clk 1:13:25]} 13. gxf5 {[%clk 1:11:08]} exf5
{[%clk 1:12:58]} 14. c3 {[%clk 1:00:35]} bxc3 {[%clk 1:10:00]} 15. bxc3
{[%clk 1:00:48]} Nxe2+ {[%clk 1:06:52]} 16. Qxe2 {[%clk 1:01:12]} fxe4
{[%clk 0:58:26]} 17. Bxe4 {[%clk 0:37:58]} Ne7 {[%clk 0:57:08]} 18. Rc1
{[%clk 0:36:35]} O-O {[%clk 0:56:47]} 19. Rc2 {[%clk 0:26:54]} Qc7
{[%clk 0:44:35]} 20. c4 {[%clk 0:22:23]} Nf5 {[%clk 0:42:42]} 21. Bf2
{[%clk 0:21:27]} Nd4 {[%clk 0:41:22]} 22. Bxd4 {[%clk 0:21:36]} Bxd4+
{[%clk 0:41:44]} 23. Kg2 {[%clk 0:18:58]} Qg7 {[%clk 0:37:00]} 24. Qf3
{[%clk 0:16:41]} Rb1 {[%clk 0:28:29]} 25. Ne3 {[%clk 0:13:03]} Rxf1
{[%clk 0:28:18]} 26. Kxf1 {[%clk 0:13:32]} Qh6 {[%clk 0:24:50]} 27. Nd5
{[%clk 0:10:17]} Bh3+ {[%clk 0:22:24]} 28. Ke2 {[%clk 0:10:26]} Bd7
{[%clk 0:17:25]} 29. Qg3 {[%clk 0:09:41]} Qh5+ {[%clk 0:14:19]} 30. Bf3
{[%clk 0:09:04]} Re8+ {[%clk 0:13:38]} 31. Kd1 {[%clk 0:08:43]} Qf5
{[%clk 0:11:23]} 32. Rd2 {[%clk 0:08:18]} Kg7 {[%clk 0:08:17]} 33. h4
{[%clk 0:06:48]} Be3 {[%clk 0:06:14]} 34. h5 {[%clk 0:04:52]} Ba4+
{[%clk 0:05:44]} 35. Kc1 {[%clk 0:05:00]} Qxd3 {[%clk 0:05:29]} 36. Nxe3
{[%clk 0:05:11]} Qc3+ {[%clk 0:04:28]} 37. Nc2 {[%clk 0:03:49]} Bxc2
{[%clk 0:04:27]} 38. h6+ {[%clk 0:03:50]} Kf8 {[%clk 0:04:27]} 39. Rxc2
{[%clk 0:03:18]} Re1+ {[%clk 0:04:04]} 40. Qxe1 {[%clk 0:33:43]} Qxe1+
{[%clk 0:34:21]} 41. Kb2 {[%clk 0:33:46]} Qb4+ {[%clk 0:33:40]} 42. Ka1
{[%clk 0:33:54]} a5 {[%clk 0:31:51]} 43. Bd5 {[%clk 0:30:46]} a4 {[%clk 0:31:43]}
44. a3 {[%clk 0:29:49]} Qxa3+ {[%clk 0:31:42]} 45. Kb1 {[%clk 0:30:14]} Qd3
{[%clk 0:30:45]} 46. Kc1 {[%clk 0:28:32]} a3 {[%clk 0:30:55]} 47. f5
{[%clk 0:27:58]} g5 {[%clk 0:27:25]} 48. Rg2 {[%clk 0:27:13]} Qf1+
{[%clk 0:27:17]} 49. Kc2 {[%clk 0:27:34]} a2 {[%clk 0:25:23]} 50. Rxg5
{[%clk 0:27:52]} Qe2+ {[%clk 0:25:31]} 51. Kb3 {[%clk 0:27:58]} Qe3+
{[%clk 0:25:40]} 0-1

[Event "Agen 2017 - Open A"]
[Site "?"]
[Date "2017.08.25"]
[Round "7.2"]
[White "Attard, Leopold"]
[Black "Fruchard, Cyrille"]
[Result "0-1"]
[LiveChessVersion "1.4.8"]
[BlackElo "2168"]
[WhiteElo "2109"]

1. Nf3 {[%clk 1:30:58]} Nf6 {[%clk 1:30:55]} 2. c4 {[%clk 1:31:25]} g6
{[%clk 1:31:20]} 3. Nc3 {[%clk 1:31:53]} Bg7 {[%clk 1:31:43]} 4. e4
{[%clk 1:32:20]} d6 {[%clk 1:30:16]} 5. d4 {[%clk 1:32:47]} O-O {[%clk 1:30:34]}
6. Be2 {[%clk 1:33:16]} e5 {[%clk 1:29:57]} 7. O-O {[%clk 1:33:41]} Nc6
{[%clk 1:30:23]} 8. d5 {[%clk 1:34:08]} Ne7 {[%clk 1:30:45]} 9. Nd2
{[%clk 1:34:36]} Nd7 {[%clk 8:18:00]} 10. b4 {[%clk 1:34:16]} f5 {[%clk 1:26:40]}
11. c5 {[%clk 1:34:39]} fxe4 {[%clk 1:12:42]} 12. Ndxe4 {[%clk 1:30:15]} Nf6
{[%clk 1:06:53]} 13. a4 {[%clk 0:46:52]} Nf5 {[%clk 1:03:31]} 14. Ba3
{[%clk 0:46:54]} Nd4 {[%clk 0:56:26]} 15. cxd6 {[%clk 0:41:20]} cxd6
{[%clk 0:55:53]} 16. b5 {[%clk 0:33:31]} Ne8 {[%clk 0:55:50]} 17. Nd2
{[%clk 0:31:54]} Bf5 {[%clk 0:53:18]} 18. Nce4 {[%clk 0:32:15]} Bh6
{[%clk 0:48:52]} 19. Bd3 {[%clk 0:24:25]} Bxd2 {[%clk 0:44:09]} 20. Qxd2
{[%clk 0:24:30]} Nb3 {[%clk 0:44:02]} 21. Qe2 {[%clk 0:20:25]} Nxa1
{[%clk 0:44:00]} 22. Rxa1 {[%clk 0:20:55]} Rc8 {[%clk 0:41:57]} 23. Rf1
{[%clk 0:20:18]} Bxe4 {[%clk 0:40:00]} 24. Qxe4 {[%clk 0:20:04]} Rf4
{[%clk 0:37:34]} 25. Qe2 {[%clk 0:20:31]} Rxa4 {[%clk 0:37:00]} 26. Bb2
{[%clk 0:20:59]} Nf6 {[%clk 0:33:53]} 27. f4 {[%clk 0:20:29]} e4 {[%clk 0:32:44]}
28. f5 {[%clk 0:19:00]} g5 {[%clk 0:29:51]} 29. h4 {[%clk 0:15:39]} g4
{[%clk 0:27:02]} 30. h5 {[%clk 0:11:23]} Ra2 {[%clk 0:23:14]} 31. Bb1
{[%clk 0:09:57]} Rxb2 {[%clk 0:23:37]} 32. Qxb2 {[%clk 0:10:20]} Qb6+
{[%clk 0:23:04]} 33. Kh2 {[%clk 0:09:47]} Kf7 {[%clk 0:23:12]} 34. Qe2
{[%clk 0:07:52]} Qd4 {[%clk 0:22:32]} 35. Rf4 {[%clk 0:08:13]} Rc1
{[%clk 0:20:15]} 36. Rf1 {[%clk 0:07:11]} Rxf1 {[%clk 0:19:33]} 37. Qxf1
{[%clk 0:07:40]} e3 {[%clk 0:17:51]} 38. Qe2 {[%clk 0:06:34]} Nxh5
{[%clk 0:11:30]} 39. g3 {[%clk 0:01:58]} Qd2 {[%clk 0:11:30]} 40. Bd3
{[%clk 0:32:25]} Kf6 {[%clk 0:40:10]} 41. Kg2 {[%clk 0:32:12]} Qxe2+
{[%clk 0:40:17]} 42. Bxe2 {[%clk 0:32:39]} Kxf5 {[%clk 0:40:32]} 43. b6
{[%clk 0:32:32]} axb6 {[%clk 0:40:54]} 44. Bd3+ {[%clk 0:32:59]} Ke5
{[%clk 0:41:18]} 0-1

[Event "Agen 2017 - Open A"]
[Site "?"]
[Date "2017.08.25"]
[Round "7.3"]
[White "Duquesne, Adrien"]
[Black "Kieffer, Anatole"]
[Result "1-0"]
[LiveChessVersion "1.4.8"]
[BlackElo "2127"]
[WhiteElo "2172"]

1. d4 {[%clk 1:30:55]} Nf6 {[%clk 1:30:46]} 2. c4 {[%clk 1:30:12]} g6
{[%clk 1:31:06]} 3. Nc3 {[%clk 1:30:36]} Bg7 {[%clk 1:31:13]} 4. e4
{[%clk 1:30:59]} O-O {[%clk 1:31:00]} 5. Be2 {[%clk 1:30:40]} d6 {[%clk 1:30:56]}
6. Nf3 {[%clk 1:31:02]} e5 {[%clk 1:30:34]} 7. d5 {[%clk 1:31:21]} a5
{[%clk 1:27:43]} 8. Bg5 {[%clk 1:31:17]} h6 {[%clk 1:25:51]} 9. Be3
{[%clk 1:31:38]} Ng4 {[%clk 1:24:34]} 10. Bc1 {[%clk 1:29:46]} f5
{[%clk 1:24:13]} 11. exf5 {[%clk 1:30:09]} gxf5 {[%clk 1:24:11]} 12. g3
{[%clk 1:30:33]} Na6 {[%clk 1:17:21]} 13. Nh4 {[%clk 1:30:13]} Nf6
{[%clk 1:15:52]} 14. Be3 {[%clk 1:29:15]} Nc5 {[%clk 1:11:37]} 15. f3
{[%clk 1:15:59]} Bd7 {[%clk 0:53:48]} 16. Qd2 {[%clk 1:09:33]} Kh7
{[%clk 0:50:49]} 17. Qc2 {[%clk 1:05:05]} Ng8 {[%clk 0:47:49]} 18. O-O
{[%clk 0:59:45]} Qf6 {[%clk 0:44:42]} 19. f4 {[%clk 0:41:49]} e4 {[%clk 0:31:26]}
20. Rab1 {[%clk 0:36:05]} Ne7 {[%clk 0:25:30]} 21. Rfc1 {[%clk 0:32:20]} c6
{[%clk 0:21:10]} 22. Qd2 {[%clk 0:22:59]} Rfd8 {[%clk 0:17:01]} 23. b3
{[%clk 0:21:52]} Rab8 {[%clk 0:15:46]} 24. Na4 {[%clk 0:18:40]} cxd5
{[%clk 0:13:19]} 25. cxd5 {[%clk 0:18:07]} Bxa4 {[%clk 0:12:53]} 26. bxa4
{[%clk 0:17:43]} b6 {[%clk 0:11:26]} 27. Bb5 {[%clk 0:16:56]} Rdc8
{[%clk 0:10:26]} 28. Rc2 {[%clk 0:15:47]} Rc7 {[%clk 0:10:16]} 29. Rbc1
{[%clk 0:11:07]} Rbc8 {[%clk 0:10:23]} 30. Kg2 {[%clk 0:03:47]} Bh8
{[%clk 0:07:08]} 31. Kh3 {[%clk 0:02:39]} Rg8 {[%clk 0:05:27]} 32. Bxc5
{[%clk 0:02:04]} bxc5 {[%clk 0:03:19]} 33. Qxa5 {[%clk 0:02:33]} Rcc8
{[%clk 0:01:04]} 34. Bd7 {[%clk 0:02:48]} Rb8 {[%clk 0:00:44]} 35. Qc7
{[%clk 0:02:33]} Qg7 {[%clk 0:00:53]} 36. Kg2 {[%clk 0:02:38]} Qf6
{[%clk 0:00:41]} 37. Nxf5 {[%clk 0:01:50]} Nxd5 {[%clk 0:00:49]} 38. Qa7
{[%clk 0:01:21]} Nxf4+ {[%clk 0:00:58]} 39. Kh1 {[%clk 0:01:28]} Ra8
{[%clk 0:01:11]} 40. Qb7 {[%clk 0:31:02]} 1-0

[Event "Agen 2017 - Open A"]
[Site "?"]
[Date "2017.08.25"]
[Round "7.4"]
[White "Emmenecker, Philippe"]
[Black "Caloone, Thomas"]
[Result "1-0"]
[LiveChessVersion "1.4.8"]
[BlackElo "2162"]
[WhiteElo "2065"]

1. d4 {[%clk 1:30:54]} Nf6 {[%clk 1:22:07]} 2. c4 {[%clk 1:31:15]} e5
{[%clk 1:22:28]} 3. dxe5 {[%clk 1:31:31]} Ng4 {[%clk 1:21:46]} 4. Nf3
{[%clk 1:31:11]} Bc5 {[%clk 1:21:57]} 5. e3 {[%clk 1:31:29]} Nc6 {[%clk 1:22:21]}
6. Be2 {[%clk 1:31:36]} Ngxe5 {[%clk 1:21:28]} 7. Nxe5 {[%clk 1:31:20]} Nxe5
{[%clk 1:21:05]} 8. O-O {[%clk 1:31:35]} O-O {[%clk 1:21:28]} 9. Nc3
{[%clk 1:31:38]} a5 {[%clk 1:17:29]} 10. f4 {[%clk 1:29:04]} Ng6 {[%clk 1:16:14]}
11. f5 {[%clk 1:24:10]} Ne5 {[%clk 1:08:38]} 12. f6 {[%clk 1:21:15]} gxf6
{[%clk 1:00:40]} 13. Kh1 {[%clk 1:12:37]} f5 {[%clk 0:54:50]} 14. e4
{[%clk 1:04:42]} Ng4 {[%clk 0:36:27]} 15. Bxg4 {[%clk 0:59:15]} fxg4
{[%clk 0:36:02]} 16. Qxg4+ {[%clk 0:52:38]} Kh8 {[%clk 0:36:09]} 17. Qh5
{[%clk 0:44:43]} Bd4 {[%clk 0:29:43]} 18. e5 {[%clk 0:37:49]} f6 {[%clk 0:18:49]}
19. Bh6 {[%clk 0:35:03]} Rg8 {[%clk 0:17:50]} 20. Rxf6 {[%clk 0:29:18]} Ra6
{[%clk 0:16:39]} 21. Rf7 {[%clk 0:23:55]} Qe8 {[%clk 0:14:15]} 22. Bf8
{[%clk 0:21:15]} h6 {[%clk 0:13:31]} 23. Rh7+ {[%clk 0:21:08]} Kxh7
{[%clk 0:13:56]} 24. Qxe8 {[%clk 0:21:28]} Ra8 {[%clk 0:13:15]} 25. Qf7+
{[%clk 0:21:12]} Kh8 {[%clk 0:13:36]} 26. Qf6+ {[%clk 0:21:27]} 1-0

[Event "Agen 2017 - Open B"]
[Site "?"]
[Date "2017.08.25"]
[Round "7.1"]
[White "Nguyen-Cadoret, Nathan"]
[Black "Ballan, Guillaume"]
[Result "1/2-1/2"]
[LiveChessVersion "1.4.8"]
[BlackElo "1927"]
[WhiteElo "1873"]

1. d4 {[%clk 1:30:58]} e6 {[%clk 1:30:38]} 2. c4 {[%clk 1:31:23]} d5
{[%clk 1:31:01]} 3. Nf3 {[%clk 1:31:50]} Nf6 {[%clk 1:30:59]} 4. g3
{[%clk 1:32:16]} c5 {[%clk 1:30:11]} 5. cxd5 {[%clk 1:31:48]} exd5
{[%clk 1:30:06]} 6. Bg2 {[%clk 1:31:15]} Nc6 {[%clk 1:25:42]} 7. O-O
{[%clk 1:25:49]} c4 {[%clk 1:23:19]} 8. Nc3 {[%clk 1:21:52]} Be7 {[%clk 1:22:08]}
9. Ne5 {[%clk 1:16:04]} h6 {[%clk 1:17:28]} 10. e4 {[%clk 1:03:30]} dxe4
{[%clk 1:00:35]} 11. Nxc6 {[%clk 1:03:30]} bxc6 {[%clk 1:00:57]} 12. Qa4
{[%clk 0:57:46]} Qb6 {[%clk 0:58:00]} 13. Nxe4 {[%clk 0:55:06]} O-O
{[%clk 0:52:32]} 14. Nxf6+ {[%clk 0:54:13]} Bxf6 {[%clk 0:52:55]} 15. Bxc6
{[%clk 0:54:03]} Bh3 {[%clk 0:50:15]} 16. Bxa8 {[%clk 0:45:55]} Bxf1
{[%clk 0:47:58]} 17. Kxf1 {[%clk 0:44:46]} Rxa8 {[%clk 0:48:11]} 18. Qxc4
{[%clk 0:43:56]} Bxd4 {[%clk 0:46:35]} 19. Qe2 {[%clk 0:40:06]} Qc6
{[%clk 0:41:05]} 20. Kg1 {[%clk 0:36:39]} Re8 {[%clk 0:38:06]} 21. Be3
{[%clk 0:32:26]} Qe6 {[%clk 0:36:52]} 22. Qd2 {[%clk 0:29:25]} Bxe3
{[%clk 0:35:27]} 23. Qxe3 {[%clk 0:29:40]} Qxe3 {[%clk 0:35:29]} 24. fxe3
{[%clk 0:30:00]} Rxe3 {[%clk 0:35:54]} 25. Kf2 {[%clk 0:29:58]} Re7
{[%clk 0:36:17]} 26. Rd1 {[%clk 0:29:24]} f6 {[%clk 0:36:09]} 27. Rd6
{[%clk 0:27:06]} Rc7 {[%clk 0:36:02]} 28. Rd2 {[%clk 0:27:07]} Kf7
{[%clk 0:36:11]} 29. b4 {[%clk 0:21:37]} Ke6 30. Ke3 {[%clk 0:12:17]} f5
{[%clk 0:33:06]} 31. Rd3 {[%clk 0:09:48]} g5 {[%clk 0:29:40]} 32. Ra3
{[%clk 0:08:41]} Rb7 {[%clk 0:23:56]} 33. Ra6+ {[%clk 0:06:54]} Ke5
{[%clk 0:23:16]} 34. Ra5+ {[%clk 0:02:29]} Ke6 {[%clk 0:23:07]} 35. Ra6+
{[%clk 0:01:59]} Kd5 {[%clk 0:21:12]} 36. a3 {[%clk 0:02:14]} Rc7
{[%clk 0:11:02]} 37. Kd3 {[%clk 0:02:17]} Rh7 {[%clk 0:10:13]} 38. Ra5+
{[%clk 0:02:27]} Ke6 39. Ra6+ {[%clk 0:01:13]} Ke5 {[%clk 0:10:27]} 40. Ra5+
{[%clk 0:31:18]} Ke6 41. Ra6+ {[%clk 0:23:51]} 1/2-1/2

[Event "Agen 2017 - Open B"]
[Site "?"]
[Date "2017.08.25"]
[Round "7.2"]
[White "Buisson, Lionel"]
[Black "Pinson, Alexis"]
[Result "1-0"]
[LiveChessVersion "1.4.8"]
[BlackElo "1781"]
[WhiteElo "1976"]

1. e4 {[%clk 1:30:55]} Nf6 {[%clk 1:30:30]} 2. e5 {[%clk 1:30:48]} Nd5
{[%clk 1:30:46]} 3. d4 {[%clk 1:31:14]} d6 {[%clk 1:31:07]} 4. c4
{[%clk 1:31:33]} Nb6 {[%clk 1:31:30]} 5. exd6 {[%clk 1:28:00]} cxd6
{[%clk 1:30:11]} 6. Nf3 {[%clk 1:25:16]} g6 {[%clk 1:28:21]} 7. Nc3
{[%clk 1:24:33]} Bg7 {[%clk 1:27:08]} 8. Be3 {[%clk 1:16:38]} Nc6
{[%clk 1:25:34]} 9. Be2 {[%clk 1:06:47]} O-O {[%clk 1:23:31]} 10. Rc1
{[%clk 1:03:13]} Bg4 {[%clk 1:18:42]} 11. b3 {[%clk 1:01:08]} Rc8
{[%clk 1:06:20]} 12. d5 {[%clk 0:58:25]} Bxf3 {[%clk 0:58:24]} 13. Bxf3
{[%clk 0:57:12]} Ne5 {[%clk 0:56:07]} 14. O-O {[%clk 0:53:34]} Nbd7
{[%clk 0:46:56]} 15. Bxa7 {[%clk 0:37:26]} Nxf3+ {[%clk 0:46:11]} 16. Qxf3
{[%clk 0:31:59]} Bxc3 {[%clk 0:46:12]} 17. Rxc3 {[%clk 0:19:08]} b6
{[%clk 0:46:19]} 18. b4 {[%clk 0:13:27]} Ra8 {[%clk 0:42:07]} 19. Bxb6
{[%clk 0:12:02]} Qxb6 {[%clk 0:42:12]} 20. a3 {[%clk 0:11:59]} Rfc8
{[%clk 0:42:01]} 21. Qe4 {[%clk 0:11:01]} Nf6 {[%clk 0:39:32]} 22. Qf3
{[%clk 0:09:51]} Ra7 {[%clk 0:38:27]} 23. Rfc1 {[%clk 0:08:39]} Rac7
{[%clk 0:38:33]} 24. h3 {[%clk 0:06:57]} Qd4 {[%clk 0:37:02]} 25. Rd3
{[%clk 0:04:43]} Qe5 {[%clk 0:32:46]} 26. Re3 {[%clk 0:04:16]} Qg5
{[%clk 0:32:26]} 27. Rec3 {[%clk 0:02:51]} Nd7 {[%clk 0:31:49]} 28. R1c2
{[%clk 0:02:38]} Ne5 {[%clk 0:31:01]} 29. Qe2 {[%clk 0:02:33]} Nd7
{[%clk 0:29:22]} 30. Rg3 {[%clk 0:01:36]} Qe5 {[%clk 0:28:04]} 31. Re3
{[%clk 0:01:51]} Qa1+ {[%clk 0:26:09]} 32. Kh2 {[%clk 0:01:35]} Ne5
{[%clk 0:25:35]} 33. c5 {[%clk 0:01:38]} Qd4 {[%clk 0:24:48]} 34. Rd2
{[%clk 0:01:58]} Qf4+ {[%clk 0:22:50]} 35. g3 {[%clk 0:02:27]} Qc4
{[%clk 0:22:58]} 36. Rxe5 {[%clk 0:02:51]} Qxe2 {[%clk 0:23:03]} 37. Rexe2
{[%clk 0:03:20]} dxc5 {[%clk 0:22:58]} 38. bxc5 {[%clk 0:03:44]} Rxc5
{[%clk 0:22:12]} 39. Rxe7 {[%clk 0:04:09]} Rd8 {[%clk 0:22:05]} 40. d6
{[%clk 0:34:23]} Ra5 {[%clk 0:51:48]} 41. Re3 {[%clk 0:27:42]} Kg7
{[%clk 0:50:31]} 42. d7 {[%clk 0:27:00]} Ra7 {[%clk 0:50:27]} 43. Red3
{[%clk 0:26:52]} Kf6 {[%clk 0:50:45]} 44. Kg2 {[%clk 0:26:47]} Ke6
{[%clk 0:50:12]} 45. Rd6+ {[%clk 0:25:25]} Ke7 {[%clk 0:50:25]} 46. R6d3
{[%clk 0:25:31]} Ke6 {[%clk 0:50:35]} 47. f4 {[%clk 0:24:23]} f5 {[%clk 0:50:27]}
48. g4 {[%clk 0:22:47]} Kf7 {[%clk 0:48:58]} 49. gxf5 {[%clk 0:18:16]} gxf5
{[%clk 0:49:18]} 50. Rd5 {[%clk 0:14:22]} Rxa3 {[%clk 0:49:18]} 51. Rxf5+
{[%clk 0:14:42]} Ke7 {[%clk 0:49:23]} 52. Rh5 {[%clk 0:14:30]} Rg8+
{[%clk 0:49:21]} 53. Rg5 {[%clk 0:10:05]} Rxg5+ {[%clk 0:46:40]} 54. fxg5
{[%clk 0:10:34]} Kd8 {[%clk 0:47:01]} 55. Rd6 {[%clk 0:10:21]} Rb3
{[%clk 0:47:02]} 56. h4 {[%clk 0:08:50]} Re3 {[%clk 0:46:53]} 57. Kf2
{[%clk 0:06:44]} Re7 {[%clk 0:46:35]} 58. Kg3 {[%clk 0:02:03]} Rxd7
{[%clk 0:45:53]} 59. Rxd7+ {[%clk 0:02:32]} Kxd7 {[%clk 0:46:21]} 60. Kg4
{[%clk 0:02:15]} Ke6 {[%clk 0:46:02]} 61. Kh5 {[%clk 0:02:25]} Kf7
{[%clk 0:46:28]} 62. Kh6 {[%clk 0:02:42]} Kg8 {[%clk 0:46:51]} 63. h5
{[%clk 0:02:55]} 1-0